000 00527nam a22001697a 4500
003 OSt
005 20120302150936.0
008 090903t xxu||||| |||| 00| 0 eng d
035 _a१३४४१
040 _cमराठी
100 _aसिधये,मेधा
_98526
245 _aमहाराष्ट्र दर्शनःसंत दर्शन ( भाग ७ )
250 _a१ ली
260 _aपुणे
_bअतुल
_c१९८६
300 _b५० पाने
942 _2ddc
_cBOOK
999 _c493374
_d493371